[Event "Albert m"]
[Site "Albert"]
[Date "1997.09.11"]
[Round "1"]
[White "Bacrot, Etienne"]
[Black "Kortschnoj, Viktor Lvovich"]
[Result "0-1"]
[WhiteElo "2545"]
[BlackElo "2610"]
[Annotator "Kortschnoj,V"]
[PlyCount "108"]
[EventDate "1997.09.10"]
[EventType "match"]
[EventRounds "6"]
[EventCountry "FRA"]
[SourceTitle "CBM 061"]
[Source "ChessBase"]
[SourceDate "1997.11.23"]
[SourceVersion "1"]
[SourceVersionDate "1997.11.23"]
[SourceQuality "1"]

1. d4 {Tsesarsky} Nf6 2. c4 e6 3. Nf3 d5 4. Nc3 Be7 5. Bg5 h6 6. Bxf6 Bxf6 7.
Qc2 (7. g3 {Tsesarsky} O-O 8. Qb3 Nc6 9. cxd5 Nxd4 10. Nxd4 Bxd4 11. Bg2 exd5
12. Nxd5 c6 13. Rd1 Qa5+ 14. Kf1 Bc5 $17 {Yarovik,Y-Krivko,Y/RUS-Cup3 1996/CBM
57/[Tsesarsky]/1/2-1/2 (52)}) (7. Qd3 {Tsesarsky} Nc6 8. O-O-O Nb4 9. Qb1 c5
10. e3 O-O 11. a3 cxd4 12. exd4 Bg5+ 13. Nxg5 Qxg5+ 14. Rd2 Nc6 15. h4 Qf4 16.
g3 Qf6 $15 {1-0 Veingold,A-Petrosian,A/Lvov URS sf 1984 (30)}) (7. Qb3 {
Tsesarsky} c6 8. O-O-O dxc4 9. Qxc4 b5 10. Qb3 a5 11. e4 a4 12. Qc2 Nd7 $132 {
0-1 Timman,J-Yusupov,A/Tilburg cqf 1986 (38)}) 7... dxc4 (7... Nc6 {Tsesarsky}
8. Rd1 O-O 9. e4 (9. e3 $5) 9... dxe4 (9... dxc4 10. e5 Nb4 11. Qe4 Be7 12.
Bxc4 Bd7 $1 13. a3 $1 (13. Qxb7 Bc6 $19) (13. d5 exd5 14. Nxd5 Nxd5 15. Bxd5 c6
16. Bb3 Qa5+ $17) 13... Bc6 14. d5 exd5 (14... Nxd5 15. Nxd5 Bxd5 16. Bxd5 exd5
17. Rxd5) 15. Nxd5 Nxd5 16. Bxd5 Bxd5 17. Rxd5 Qe8 18. O-O c6 19. Rd3 Rd8 20.
Rfd1 Rxd3 21. Rxd3 $11 (21. Qxd3 Qc8 22. Qd7 Qxd7 23. Rxd7 Rd8 $15)) 10. Qxe4
g6 11. Ne5 (11. h4 Bg7 12. g3 Qd6 $11 (12... f5 13. Qe3 Nb4 14. Rd2 c5 15. dxc5
Qa5 16. a3 Na6 17. Nb5 f4 18. gxf4 Bxb2 19. Rg1 Rf6 (19... Bc1 20. Rxg6+ Kf7
21. Bd3 $16) 20. Ke2 $16)) 11... Ne7 12. f4 c5 (12... Qd6 $11) 13. dxc5 Qa5 14.
Qe3 Nf5 15. Qf2 b6 $1 $132 {1/2-1/2 Quinteros,M-Hjartarson,J/New York op 1984/
MCD-op (29)}) (7... c6 {Tsesarsky} 8. e4 dxe4 (8... O-O $5 9. e5 Be7 10. Rd1 b6
11. Be2 (11. cxd5 cxd5 12. Bd3 Ba6 $15) (11. b3 Bb7 12. Bd3 Na6 $1 $132) 11...
dxc4 12. Bxc4 Ba6 13. Bxa6 Nxa6 14. Qe4 Nb4 15. O-O $14) 9. Qxe4 c5 10. O-O-O
Nc6 (10... cxd4 11. Nxd4 Nd7 12. Be2 (12. h4 $5) 12... O-O 13. h4 $132) 11. d5
Nd4 12. Nxd4 (12. dxe6 Bxe6 13. Qxb7 O-O 14. Ne4 Rb8 15. Qa6 Qe7 $44) 12...
cxd4 13. Nb5 O-O 14. Bd3 g6 $15 {0-1 Pisulinski,J-Gizynski,T/POL-chT
Lubniewice 1994 (25)}) 8. e3 (8. O-O-O {Tsesarsky} a6 9. e4 b5 10. e5 Bg5+ 11.
Kb1 Bb7 12. h4 Be7 13. Rh3 O-O $6 (13... Nc6 $17) 14. Ne4 Nc6 (14... Qd5 15.
Neg5 hxg5 16. Nxg5 Bxg5 17. hxg5 Qe4 $19) 15. a3 (15. Neg5 hxg5 16. Nxg5 Bxg5
17. hxg5 g6 18. Bxc4 Kg7 19. Rdh1 Rg8 $19) 15... b4 16. Bxc4 bxa3 17. Neg5 $1
Bxg5 18. Nxg5 hxg5 19. hxg5 Re8 $8 20. Rdh1 Kf8 $8 21. Bxa6 $3 (21. Qb3 $4 Ke7
22. Rd1 $4 (22. Qxb7 $132) 22... a5 $2 {0-1 Bradbury,N-Wells,P/London Lloyds
1985/MCL 05 (39)} (22... Rb8 $19)) 21... Qxd4 22. Bxb7 Reb8 23. Rb3 $1 $18 (23.
Rxa3 $2 Rxa3 24. Rh8+ Ke7 25. Rxb8 Qb4 26. Ra8 Qe1+ 27. Qc1 Qe4+ 28. Qc2 Qe1+
$11)) 8... c5 9. dxc5 Qa5 10. Bxc4 (10. Nd2 {Tsesarsky} Nd7 $11) 10... Qxc5 11.
Ne4 Qa5+ 12. Ke2 $5 (12. Nfd2 Be7 (12... Nd7 {Tsesarsky} 13. Nxf6+ Nxf6 14. O-O
O-O $11) 13. Bb5+ Nd7 $11 14. Rc1 O-O 15. Bxd7 $2 (15. Qa4 $142) 15... Bxd7 16.
Qc7 Bb4 $1 $17) 12... Be7 13. g4 (13. Rhd1 $5) (13. Rhd1 {Tsesarsky} O-O 14.
Rac1 Nd7 $11) 13... Nd7 $6 (13... Bd7 $142 $1 14. Rad1 (14. g5 $5 hxg5 15. Rhg1
Bb5 16. Nexg5 Bxc4+ 17. Qxc4 Nc6 18. Rad1 Rd8 $11) (14. a3 {Tsesarsky} Bc6 15.
b4 Qb6 16. Ne5 (16. Rhd1 a5 $15) 16... Nd7 (16... O-O 17. h4 a5 18. g5 axb4 19.
gxh6 b3 20. Qb2 Bxe4 21. Nd7 $18) 17. Nxc6 (17. Nxf7 $2 Bxe4 18. Qxe4 Kxf7 $19)
17... Qxc6 $11) 14... Bc6 $11) 14. a3 $1 Nf6 (14... O-O $1 {Tsesarsky} 15. b4 (
15. g5 $2 hxg5 16. Rag1 Qf5 17. Nfxg5 Ne5 $17) (15. h4 b5 16. Ba2 (16. Nd4 Ne5
$1 17. Bxb5 Ba6 $1 $17) 16... b4 17. axb4 Qxb4 $17) 15... Qc7 16. Qb3 (16. h4
b5 17. Bd3 Qxc2+ 18. Bxc2 a5 $15) (16. Rac1 a5 17. g5 hxg5 18. Nexg5 Nf6 $17)
16... a5 17. Rac1 axb4 18. axb4 (18. Bxe6 Qd8 $1 $17) 18... Qb6 19. g5 hxg5 20.
Nexg5 Qxb4 (20... Nf6 21. b5 Ra3 22. Qb1 Bd7 $15) 21. Bxe6 Qxb3 22. Bxb3 b6 23.
Rhd1 (23. Rc7 Bd8 $15) 23... Ba6+ 24. Bc4 Nc5 25. Bxa6 Rxa6 26. h4 $15) 15.
Ned2 $2 (15. b4 $142 Qb6 16. Ne5 Bd7 (16... Nd7 17. Qc3 Qc7 $2 18. Nxf7 $18)
17. Qd3 Bc6 (17... Ba4 $6 18. Nc3 Bc6 19. Bxe6 $1 fxe6 20. Qg6+ $40) 18. Nxc6
bxc6 $14) (15. Nxf6+ {Tsesarsky} Bxf6 16. b4 Qb6 17. Rac1 Bd7 18. Rhd1 (18. h4
Rc8 19. Nd2 (19. g5 Rxc4 $19) 19... Bb5 $15) 18... Rc8 $15) 15... Bd7 (15...
O-O $5 {Tsesarsky} 16. Nb3 (16. Rhg1 b5 17. Bb3 Bb7 $17) 16... Qc7 $15) (15...
Nxg4 {Tsesarsky} 16. Rag1 (16. Rhg1 Qh5 $15) 16... Qh5 17. h3 Ne5 18. Rxg7 Bd7
19. Qc3 Nxc4 20. Nxc4 Bc6 21. Rg3 O-O-O 22. Qe5 Qxe5 23. Ncxe5 Bb5+ 24. Ke1 Rh7
$15) 16. Rhg1 (16. h3 {Tsesarsky} Rc8 17. b4 $15) 16... Rc8 (16... Nd5 $2) 17.
Qb3 $6 (17. Qd3 $11) (17. g5 {Tsesarsky} hxg5 18. Rxg5 b5 $1 19. Qd3 Nd5 (19...
bxc4 20. Qxd7+ $8 Nxd7 21. Rxa5 Rc7 $11) 20. Rxd5 $8 exd5 21. Qxd5 Be6 22.
Qxb5+ (22. Bxb5+ Kf8 23. Qb7 Bd6 24. Ng5 Rb8 25. Nxe6+ fxe6 26. Qf3+ Ke7 $17)
22... Qxb5 23. Bxb5+ Kf8 $17) 17... Qb6 (17... Ne4 $1 18. Rac1 (18. Nxe4 Rxc4
$17) 18... Nd6 19. Bd3 O-O $15) (17... Qa4 {Tsesarsky} 18. Qxa4 Bxa4 19. Rac1
$11) 18. Qxb6 $11 (18. Qd3 $5 $13) 18... axb6 19. Ne5 Ba4 (19... Bd6 {Tsesarsky
} 20. Nxd7 Kxd7 $11) 20. Rac1 (20. b3 {Tsesarsky} Bd6 21. Ndf3 (21. Nxf7 Kxf7
22. bxa4 Bxh2 23. Rg2 Bd6 $11) 21... b5 22. Bxe6 fxe6 23. bxa4 bxa4 24. Rab1
O-O (24... Bxa3 25. Rxb7 $14) 25. g5 hxg5 (25... Ne4 26. gxh6 Nc3+ 27. Ke1 Rc7
28. Rc1 $16) 26. Rxb7 $132) 20... Bd6 21. Ndf3 (21. Bxe6 $2 Rxc1 22. Rxc1 (22.
Bxf7+ Kd8 23. Rxc1 Bxe5 $17) 22... Bxe5 23. Rc8+ Ke7 24. Rxh8 Kxe6 $17) 21...
Ke7 22. h4 (22. h3 $11 {Tsesarsky}) 22... Rhd8 (22... h5 $5 23. g5 Ng4) 23. g5
(23. b3 {Tsesarsky} Bc6 24. a4 $11) 23... Nd7 (23... hxg5 $1 {Tsesarsky} 24.
Nxf7 (24. hxg5 Ne4 25. b3 (25. g6 Bxe5 26. Nxe5 Rd2+ 27. Ke1 (27. Kf3 f5 $19)
27... Rd5 $1 28. Nxf7 b5 $19) 25... Be8 26. a4 Ba3 27. Rc2 b5 28. axb5 Bxb5 29.
Rg4 Nd6 $15) (24. Rxg5 g6 $15) 24... Kxf7 25. Nxg5+ Ke7 26. Nxe6 Rxc4 $1 27.
Rxc4 Bb5 28. Nxd8 Bxc4+ 29. Kd1 Kxd8 30. Rxg7 Bd5 $19) 24. Nxd7 Rxd7 25. Bd3 (
25. gxh6 {Tsesarsky} gxh6 26. Bd3 $11) 25... Rdc7 26. Rxc7+ Rxc7 27. Nd4 (27.
gxh6 gxh6 28. Rg7 Rc1 29. Rh7 Rh1 30. Bg6 Bb5+ 31. Kd2 Be8 $11) 27... Be5 (
27... hxg5 $1 {Tsesarsky} 28. hxg5 Be5 29. Rg4 (29. Rh1 $11) 29... Bc6 $11) (
27... Bc6 {Tsesarsky} 28. gxh6 gxh6 29. Rg7 $14) 28. Rg4 Bd7 29. Re4 (29. gxh6
{Tsesarsky} gxh6 30. Rg8 $132) 29... f6 $6 (29... Bxd4 30. Rxd4 Rc5 $11) 30.
gxh6 (30. f4 {Tsesarsky} Bxd4 31. Rxd4 hxg5 32. hxg5 Rc5 $11) 30... gxh6 31. f4
(31. Rg4 $1 $14) 31... Bxd4 32. Rxd4 Rc5 $11 (32... Be8 {Tsesarsky} 33. Rb4 $14
) 33. Rb4 b5 34. Kf2 Kd6 35. Rd4+ Kc7 36. Be4 Bc6 37. Bxc6 (37. Bd3 $142) (37.
Bg6 $11 {Tsesarsky}) 37... Rc2+ (37... bxc6 {Tsesarsky} 38. Rd2 Rc1 $15) 38.
Kf3 bxc6 39. b4 Rc3 $15 40. f5 $1 (40. Rd2 $6 $17 {Tsesarsky} Rxa3 41. Rg2 f5
$1 (41... Rb3 42. Rg6 Rxb4 43. Rxf6 Rc4 (43... Kd7 44. Rxh6 Rb1 $132) 44. Rxe6
b4 45. Re4 Rxe4 46. Kxe4 c5 47. Kd3 b3 48. e4 c4+ 49. Kc3 Kd6 50. h5 Kc5 51. f5
Kd6 52. f6 Ke6 53. e5 $11) (41... Kd6 42. Rd2+ $1 (42. Rg6 $2 f5 43. Rxh6 Rb3
44. Rh8 Rxb4 45. h5 Rb1 (45... Ke7 46. h6 Kf7 47. Re8 $16) 46. Kg2 Ke7 (46...
Rb2+ 47. Kg3 Ra2 (47... Rb1 48. Kg2 $11 (48. h6 Rh1 49. h7 Kc5 50. Kg2 Rh6 51.
Kf3 b4 $17)) 48. h6 Ra7 49. Kh4 $16) (46... Ra1 47. h6 Ra7 48. Kg3 Kc5 49. Kh4
b4 50. Rb8 Kc4 51. Kh5 c5 52. Kg6 b3 53. h7 Rxh7 54. Kxh7 Kc3 55. Kg6 c4 56.
Kf6 Kb2 $19) 47. h6 Kf7 48. Re8 Kg6 49. Rxe6+ Kh7 50. Rxc6 $16) 42... Ke7 43.
Rc2) 42. h5 $1 (42. Rg6 Kd6 43. Rxh6 Rb3 44. Rh8 Rxb4 45. h5 Rb1 $19) 42... Kd6
43. Rd2+ Ke7 44. Rc2 Rb3 45. Rxc6 Rxb4 46. Rb6 Rb1 47. Ke2 (47. Rb7+ Kd6 48.
Rh7 b4 $19) 47... b4 48. Kd3 Kf6 $17) 40... exf5 (40... e5 $2 {Tsesarsky} 41.
Rg4 $13) 41. Kf4 (41. Rf4 $5) 41... Rxa3 42. Kxf5 $4 (42. h5 $142 $1 c5 $1 (
42... Rc3 43. Kxf5 Rxe3 44. Kg6 $1 f5 45. Kxh6 Re4 46. Rd1 Rxb4 47. Kg5 $11)
43. Rd5 (43. bxc5 $2 Ra4 $19) 43... Rc3 44. Rxf5 $8 {!} cxb4 45. Rxb5 b3 46. e4
$1 Kc6 47. Rb8 Kc5 48. Kf5 Rf3+ 49. Kg6 $11) 42... Rxe3 43. Kxf6 (43. Kg6 Rc3
44. h5 Rc4 45. Rd1 Rxb4 46. Kxh6 Rg4 $17) 43... Rc3 44. Ke5 (44. Kg6 {Tsesarsky
} Rc4 $19) 44... h5 45. Re4 (45. Rf4 Kb6 46. Rd4 (46. Rf5 {Tsesarsky} Rc4 47.
Rxh5 Rxb4 $19) 46... c5 47. Rd6+ Kc7 48. Rd5 cxb4 49. Rxb5 Rc4 $17) 45... c5
46. Kd5 (46. bxc5 {Tsesarsky} Rxc5+ 47. Kf6 (47. Kd4 Rc4+ $19) 47... Kb6 $19)
46... cxb4 47. Rxb4 Kb6 48. Kd4 Rc5 49. Rb1 Rc4+ 50. Kd3 Rxh4 51. Kc3 Rc4+ 52.
Kb3 h4 53. Rg1 Rc6 54. Rg5 Rh6 0-1

[Event "Moscow Petrosian Memorial"]
[Site "Moscow"]
[Date "2014.11.05"]
[Round "2"]
[White "Kramnik, Vladimir"]
[Black "Inarkiev, Ernesto"]
[Result "1-0"]
[WhiteElo "2760"]
[BlackElo "2688"]
[Annotator "Krasenkow,M"]
[PlyCount "79"]
[EventDate "2014.11.04"]
[EventType "tourn"]
[EventRounds "7"]
[EventCountry "RUS"]
[EventCategory "20"]
[SourceTitle "CBM 164"]
[Source "ChessBase"]
[SourceDate "2015.01.15"]
[SourceVersion "1"]
[SourceVersionDate "2015.01.15"]
[SourceQuality "1"]

1. d4 Nf6 2. c4 e6 3. Nf3 d5 4. Nc3 Be7 5. Qc2 O-O (5... dxc4 {and}) (5... c5 {
are more principled continuations here.}) 6. Bg5 (6. cxd5 $5 exd5 $140 7. Bg5 {
obtaining the Exchange Variation Black tries to avoid with his move order (1...
Nf6, 2...e6, 3...d5).}) 6... c5 {This reaction to Qd1-c2 is common when the
moves e2-e3 Nb8-d7 are inserted. In the present position Black usually prefers}
(6... Nbd7) ({or} 6... h6) 7. dxc5 (7. cxd5 {is harmless, e.g.} cxd4 8. Nxd4
Nxd5 9. Bxe7 Nxe7 10. Rd1 Qb6 11. Qb3 Qxb3 12. Nxb3 Nbc6 13. g3 b6 14. Bg2 Bb7
(14... Ba6 $6 15. Nd4 Bb7 16. Ndb5 $14 {1/2 (40) Bacrot,E (2725)-Lautier,J 
(2680) Khanty-Mansiysk 2005 CBM 111 [Dautov]}) 15. Rd7 Rab8 16. O-O Rfd8 17.
Rfd1 Kf8 18. Nb5 a5 $1 $11 {R.Dautov}) 7... dxc4 (7... d4 $6 8. O-O-O Nc6 9. e3
e5 10. Bxf6 Bxf6 11. Nd5 Be6 12. Kb1 Bxd5 13. cxd5 Qxd5 14. Bc4 Qd8 15. h4 Rc8
16. Ng5 g6 17. Ne4 $36 {0-1 (42) Abdulla,A (2506)-Thejkumar,M (2382) Kolkata
2008}) (7... Qa5 $5 {leads to a position with the isolated d5-pawn but Black
can probably equalise with accurate play:} 8. cxd5 exd5 (8... Nxd5 9. Bxe7 Nxe7
10. e3 Qxc5 11. Bd3 $32) 9. e3 Qxc5 (9... Nc6 10. Bb5 Nb4 11. Qa4 Qxa4 12. Bxa4
Nd3+ 13. Ke2 Nxc5 14. Bc2 Be6 15. Nd4 Rac8 16. Rac1 g6 17. Rhd1 Rfd8 18. Bb1
$14 {1-0 (44) Bacrot,E (2715)-Bologan,V (2683) Poikovsky 2005 CBM 106 [Ftacnik,
L]}) (9... h6 10. Bh4 Nc6 11. Be2 Qxc5 12. Rd1 Be6 13. O-O {-below}) 10. Be2
Nc6 11. Rd1 Be6 12. O-O h6 13. Bh4 Ne4 $1 (13... g5 14. Bg3 Ne4 15. Nd4 Nxd4
16. exd4 Qc6 17. Bb5 Qb6 18. Nxe4 Qxb5 19. Nc3 $14 {1-0 Akopian,V-Goldin,A/
Stratton Mountain 1999/ (39)}) (13... Rac8 14. Qb1 Rfd8 15. Nd4 Ne5 16. Nf5 Nc4
17. Nxe7+ Qxe7 18. Rd4 $14 {1-0 (37) Markus,R (2477)-Abramovic,B (2509)
Yugoslavia 2002}) 14. Bxe7 Nxe7 15. Nd4 Nxc3 16. bxc3 Rac8 $11 {[%csl Rc3] 1/2
Azmaiparashvili,Z-Geller,E/Belgrade 1988/ (65)}) 8. e4 {More aggressive than} (
8. e3 Qa5 9. Bxc4 Qxc5 10. Bd3 h6 11. Bh4 b6 12. O-O Bb7 13. Rfd1 Na6 14. Qa4
Qb4 15. Nd4 Qxa4 16. Nxa4 Nb4 17. Be2 Rac8 $11 {1/2 (53) Zhao,X (2538)
-Khotenashvili,B (2518) Lopota 2014}) 8... Nfd7 {This unnatural move can't be
healthy but White keeps some pressure in other lines, too:} (8... h6 9. Bxf6 $1
Bxf6 10. e5 Be7 11. Bxc4 Nd7 12. O-O (12. c6 $5 bxc6 13. O-O $14 {I.Tsesarsky})
12... Qa5 13. a3 Qxc5 14. Qe4 Rd8 15. Rac1 Qa5 16. Rfd1 a6 17. Qf4 b5 (17...
Rb8 18. Ne4 $36 {[%cal Ye4d6]}) 18. Nd5 Bf8 19. Ba2 Bb7 20. Nc7 $16 {[%csl Re6]
[%cal Gc7e6,Ga2f7] 1/2 (39) Pisulinski,J (2390)-Jaworski,M (2360) Lubniewice
1995}) (8... Qa5 9. e5 (9. Bxc4 $5 Qxc5 10. Qe2 Nc6 11. O-O Rd8 (11... Ng4 $5
12. Bf4 $5 Nge5 13. Nxe5 Nxe5 14. Bb3 $14) 12. Rad1 Bd7 13. e5 $16 {1-0 (20)
Ibragimov,I (2602)-Arlandi,E (2445) Geneve 1999}) 9... Nd5 10. Bxc4 (10. Bxe7
Nxe7 11. Bxc4 Qxc5 {1/2 (31) Khenkin,I (2575)-Lutz,C (2595) Frankfurt 1996} 12.
Bd3 $5 Nbc6 13. O-O $14) 10... Nxc3 (10... Bxc5 11. Bxd5 exd5 12. O-O Be6 13.
a3 Qc7 14. Rfd1 {[%csl Rd5]} Bb6 15. Qd2 Nc6 16. Nxd5 $16 {1-0 (58) Popov,V 
(2505)-Chehlov,A (2290) St Petersburg 1998}) 11. O-O $1 Qxc5 12. Qxc3 Nc6 (
12... b6 13. Rac1 Bb7 14. Qb3 $1 $16 Bxg5 $140 15. Nxg5 Qxe5 16. Nxf7 $1 Kxf7
17. Rce1 $40) 13. Bxe7 Qxe7 14. a3 Bd7 15. Qe3 $5 (15. Rac1 Rfd8 16. b4 (16.
Qe3 $5 h6 17. Bd3 Be8 18. h4 a5 19. Qe4 f5 20. exf6 Qxf6 21. Bc4 $14 {1-0 (54)
Lerner,K (2523)-Volman,H (2197) Givataim 2005}) 16... a6 (16... b5 17. Bxb5
Nxb4 18. Bc4 Nc6 19. Rfd1 Be8 20. Bd3 $14) 17. Qe3 Be8 18. Bd3 Na7 19. Bb1 Bc6
20. Ng5 h6 21. Ne4 $14 {1/2 (37) Kasparov,G (2740)-Karpov,A (2700) Seville
1987 MainBase [Bulletin]}) 15... Rfd8 16. Bd3 Be8 17. Qe4 g6 18. Qe3 Nb8 19.
Be4 Bc6 {1-0 (50) Dokhoian,Y (2515)-Timoscenko,G (2485) Plovdiv 1988} 20. Qh6
$1 Qf8 21. Qh4 $14) (8... Nc6 9. Bxc4 (9. Rd1 $5 Qa5 10. Bxc4 Qxc5 11. Qe2 Ng4
12. Bxe7 Nxe7 13. O-O Ng6 14. Bb3 b6 15. h3 N4e5 16. Nxe5 Nxe5 {1/2 (42)
Cramling,P (2520)-Hansen,S (2460) Reykjavik 1995} 17. Rd2 Bb7 18. Rfd1 $14)
9... Nd4 (9... Qa5 10. e5 Nd5 11. Bxe7 Ncxe7 12. O-O Nxc3 {1-0 (41) Bukal,V 
(2455)-Rhodin,B (2300) Balatonbereny 1985} 13. Qxc3 Qxc3 14. bxc3 $14 {I.
Tsesarsky}) 10. Qd3 Nxf3+ 11. Qxf3 Qd4 12. Bb3 Qxc5 13. Be3 Qa5 14. O-O Bd7 15.
Bd2 Bc6 16. Nd5 Qd8 17. Nxe7+ Qxe7 18. Bc2 $14 {1-0 (48) Popov,V (2505)-Kruppa,
Y (2540) St Petersburg 1998}) 9. Bf4 {[%csl Gf4][%cal Gf4b8]} (9. h4 {is
hardly appropriate:} Nxc5 10. Bxc4 a6 11. Rd1 Qc7 12. e5 b5 13. Bxe7 (13. Bd3
Nxd3+ 14. Rxd3 {1-0 (30) Abdulla,A (2518)-Rahman,S (2247) Dhaka 2007} Nc6 $1
$13 15. Bxe7 $140 Nxe7) 13... Qxe7 14. Bd3 Nxd3+ 15. Qxd3 (15. Rxd3 Nd7 $13)
15... Nc6 16. O-O h6 $11) 9... b5 (9... Nc6 10. Bxc4 Bxc5 (10... Nxc5 11. Rd1
Qa5 12. a3 Nd7 13. O-O {[%csl Ra8,Rc8]} Nde5 14. Nxe5 Nxe5 15. Be2 Ng6 16. Bg3
a6 17. Kh1 $1 {[%csl Rg8][%cal Yf2f4,Yf4f5]} b5 18. f4 Re8 19. f5 Nf8 20. Bh5
$1 $16 {-> 1-0 (32) Azmaiparashvili,Z (2676)-Portisch,L (2599) Kallithea 2002
CBM 092 [Tsesarsky]}) 11. Rd1 (11. O-O-O $5 Qf6 12. Bg5 Qg6 13. h4 h6 14. h5
Qh7 15. Bf4 $14 {I.Tsesarsky}) 11... a6 12. e5 Be7 13. O-O $14 {[%csl Ra8,Rc8]}
Nb4 (13... Qc7 {[%cal Gb7b5]} 14. Bd3 h6 15. Ne4 $36) 14. Qe4 Rb8 15. a3 b5 16.
Bb3 Bb7 17. Qd4 Nc5 18. Qxb4 $18 {1-0 (40) Srokowski,J (2425)-Arlt,K Germany
1994}) 10. cxb6 Nxb6 11. Rd1 Qe8 12. Be2 $14 {[%csl Rc4] Black's c4-pawn is
rather weak than strong, and he does not have enough compensation as his
pieces are poorly developed.} Na6 13. Ne5 Nb4 14. Qc1 Ba6 15. a3 Nc6 16. b4 $1
{Using a tactical motif, White improves the position of his pawns.} Bf6 (16...
Nxe5 17. Bxe5 Bb7 18. O-O f5 19. f3 $1 {[%csl Rb6,Rb7,Ge4]}) 17. Nf3 $1 {
[%cal Re4e5]} (17. Nxc6 $143 Qxc6 {[%csl Gc6]}) 17... Bxc3+ {Black must get
rid of his bishop (which will be passive after e4-e5 or ...e6-e5) but White's
strong dark-squared bishop now becomes an important factor.} 18. Qxc3 Qc8 (
18... f5 19. Bd6 Rf6 20. Qe3 $1 $16) 19. O-O Bb5 20. Bd6 {Other plans, keeping
the e4-pawn on its square to restrict Black's b6 knight, may be even stronger:}
(20. Nd4 $5 Nxd4 21. Rxd4 {[%cal Yf1d1,Yd4d6]}) 20... Rd8 21. e5 h6 (21... Nd5
22. Qc2 Nf4 23. Ng5 $1 Nxe2+ 24. Kh1 $1 g6 25. Qxe2 $18 {-> A.Tukhaev}) (21...
a5 $142 $1 22. Ng5 h6 23. Ne4 axb4 24. axb4 Nd5 25. Qg3 Kh8 {but, of course,
White keeps strong pressure.}) 22. Nd4 $1 {[%cal Gc3g3]} a6 23. Bf3 Nxd4 $6 {
This exchange, activating White's rook, facilitates his task.} (23... Qd7 24.
Be4 $5 {[%cal Yc3g3]}) (23... Nd5 $5 24. Bxd5 (24. Qc2 $5 $16) 24... exd5 25.
f4 $1 $16 {->} (25. Nxb5 $143 axb5 26. Rxd5 Qa6 $132)) 24. Rxd4 {[%cal Gd4g4]}
Bc6 25. Be2 Bb5 26. Rg4 $1 {[%mdl 128]} Kh8 27. Qg3 $6 (27. Rc1 $142 {A.Tukhaev
}) 27... Rg8 $2 {Black misses a good chance:} (27... c3 $1 {(indicated by GM
Adam Tukhaev)} 28. Rxg7 Rg8 $1 (28... Bxe2 $143 29. Rxf7 Rg8 30. Qf4 Rg6 31.
Rf8+ Qxf8 32. Bxf8 Bxf1 33. Kxf1 Nd5 34. Qe4) 29. Rxg8+ Qxg8 30. Qf3 Nd5 {
- Black's strong c3-pawn makes White's task to convert his material advantage
quite difficult.}) 28. Rh4 Qd8 (28... c3 $2 29. Bxb5 axb5 30. Qe3 {[%cal Re3b6,
Rh4h6]}) 29. Qf4 Re8 (29... g5 $1 30. Qc1 $16 {was relatively better for Black.
}) 30. Rxh6+ gxh6 31. Qxh6+ Kg8 32. f4 $6 (32. Rd1 $142 $18 {[%cal Rd1d4]})
32... Bc6 33. Bf3 $2 (33. f5 $1 exf5 34. Rxf5 Re6 35. Rg5+ Qxg5 (35... Rg6 36.
Rxg6+ fxg6 37. Qxg6+ Kh8 38. Qh6+ Kg8 39. Bg4 $1 Bd5 40. e6 $3 Qxd6 41. Qg5+
Kh8 42. Qf6+ Kg8 43. Qf7+ Kh8 44. Bf5 Ra7 45. Qxa7 Bb7 46. Qxb7 Qd4+ 47. Kf1
Qd1+ 48. Kf2 $18) 36. Qxg5+ Rg6 37. Qe3 {, and White should win.}) 33... Qc8 $2
{Both players missed an excellent defence:} (33... Nc8 $3 {(A.Tukhaev)} {
although after} 34. Bxc6 Nxd6 35. exd6 {White keeps a material advantage and
winning chances, e.g.} Qb6+ ({or} 35... Qxd6 36. Bxa8 Qd4+ 37. Kh1 Rxa8 38. h3
$16) 36. Rf2 Qxc6 37. Rf3 Qxf3 38. gxf3 Red8 39. Qg5+ Kh8 40. Qe5+ Kg8 41. h4
c3 42. Qxc3 Rxd6 43. h5 $16) {After the text move White successfully completes
his attack.} 34. f5 $1 ({Even better than} 34. Bxc6 Qxc6 35. Qg5+ Kh7 36. Qh5+
Kg7 37. Rf3 Qxf3 38. Qxf3 $18) 34... exf5 35. Qg5+ Kh8 36. Bxc6 Re6 (36... Qxc6
37. Rxf5 Re6 38. Qh5+ Kg8 39. Qxf7+ Kh8 40. Rh5+ Rh6 41. Rxh6#) 37. Rxf5 Ra7 (
37... Rg6 38. Qh4+ Kg7 39. Rh5 $18) 38. Qh4+ Kg7 39. Rh5 Qg8 40. Be4 1-0

[Event "Dortmund SuperGM 40th"]
[Site "Dortmund"]
[Date "2012.07.22"]
[Round "9"]
[White "Ponomariov, Ruslan"]
[Black "Fridman, Daniel"]
[Result "1/2-1/2"]
[WhiteElo "2726"]
[BlackElo "2655"]
[Annotator "Krasenkow,M"]
[PlyCount "65"]
[EventDate "2012.07.13"]
[EventType "tourn"]
[EventRounds "9"]
[EventCountry "GER"]
[EventCategory "19"]
[SourceTitle "CBM 150"]
[Source "ChessBase"]
[SourceDate "2012.09.14"]
[SourceVersion "1"]
[SourceVersionDate "2012.09.14"]
[SourceQuality "1"]

1. d4 d5 2. c4 e6 3. Nf3 Nf6 4. Nc3 Be7 5. Bg5 h6 6. Bh4 O-O 7. Rc1 b6 8. cxd5
Nxd5 9. Nxd5 exd5 10. Bxe7 Qxe7 11. g3 Ba6 12. e3 Bb7 $146 {Hardly a worthy
novelty. Black has no reason to evade the exchange of his rather passive
bishop.} (12... c5 {is usually played here:} 13. dxc5 (13. Bxa6 Nxa6 14. O-O
Nc7 (14... Qb7 15. b3 Rac8 16. Nh4 Rfd8 17. Qg4 Kh7 18. Rfd1 g6 19. Nf3 $14 {
1-0 Lputian,S (2625)-Sargissian,G (2470)/Yerevan 1999/CBM 074/[Tsesarsky] (87)}
) (14... c4 $5) 15. b3 Rac8 16. Re1 Rfd8 17. h4 {1-0 Petrosian,T (2640)
-Portisch,L (2645)/Palma de Mallorca 1974/Candidates/[Bulletin] (40)} Ne8 $11 {
[%cal Ye8f6]}) 13... bxc5 (13... Bb7 14. Bg2 bxc5 15. O-O Nd7 16. Qb3 Rfb8 17.
Qa3 Qe6 18. Rfd1 a5 19. Ne1 a4 20. Nd3 d4 {1/2 Kortschnoj,V (2695)-Karpov,A 
(2700)/Merano 1981/MainBase/[Kavalek] (31)} 21. e4 $1 $14 {L.Kavalek}) 14. Bxa6
Nxa6 15. Qxd5 Nb4 16. Qc4 Qf6 17. Nh4 Qxb2 18. O-O Qxa2 19. Qxa2 Nxa2 20. Rxc5
Rfc8 $11 {1/2 Kortschnoj,V (2695)-Karpov,A (2700)/Merano 1981/MainBase/
[Chandler,M] (45)}) 13. Bg2 c5 (13... Ba6 $6 14. Ne5) 14. Ne5 $6 (14. dxc5 $142
{leading to the above line.}) 14... c4 $1 {In this typical structure, with a
reduced number of pieces, Black's queenside pawn advantage is quite essential.}
15. O-O b5 16. b3 Nd7 17. Nxd7 Qxd7 18. bxc4 dxc4 (18... bxc4 {[%csl Gc4] may
be even stronger. White has no knight to safely blockade the c4-pawn. He must
prepare e3-e4 and try to equalize.}) 19. d5 b4 $6 (19... a5 $142) 20. Rxc4 $1 {
White wins two pawns for the exchange. Fortunately for Black, his pieces are
active enough to create sufficient counterplay.} Ba6 21. Rxb4 Bxf1 22. Bxf1
Rab8 23. Rg4 (23. Rb3 Qa4 $132) 23... Rb1 24. Qxb1 Qxg4 25. Qb7 Qa4 26. Bb5
Qxa2 27. d6 a5 $6 (27... Qb1+ 28. Kg2 a6 $1 29. Qxa6 Qe4+ 30. Kg1 Qb1+ $11 31.
Bf1 $140 Rd8 {[%csl Rd6]}) 28. d7 a4 29. Qb6 $6 {Missing a good chance:} (29.
Qc6 a3 30. Qc5 $1 (30. Qd6 $143 Qb1+ 31. Bf1 Rd8) 30... Qb1+ (30... Rd8 31. Qe7
) 31. Kg2 Qd1 32. Qxa3 {, and the show goes on.}) 29... Qb1+ 30. Kg2 Qe4+ 31.
Kg1 Qb1+ 32. Kg2 Qe4+ 33. Kg1 1/2-1/2